=LDR 00000nam 2200000 4500 =001 INLIS000000000034328 =005 20240401093856 =035 ##$$a 0010-061300000034328 =008 240401################a##########0#ind## =041 ##$$a ind =082 ##$$a 028.5 =090 ##$$a 028.5, Mua s =100 ##$$a MUAKHIR, Ali =245 1#$$a Senang membereskan mainan, Like mto tidy up the toys /$c Ali Muakhior ; penerjemah, Noviana Abdu ; editor, TimGB =260 ##$$a Solo :$b Tiga serangkai,$c 2008 =300 ##$$a 23 hlm : $b Ilus ; $c 18 cm =650 #4$$a Bacaan Kanak - kanak =700 #$$a Abdu, Noviana =850 ##$$a NBPNMAT =084 ##$$a 028.5 MUA s =250 ##$$a Cet. 1 =990 ##$$a 0001/BPAP-NTB/2016 =990 ##$$a 21010957 =990 ##$$a 21010959 =990 ##$$a 21010957 =990 ##$$a 0001/BPAP-NTB/2016 =990 ##$$a 21010959